Le Paysan parvenu

Guardat en:
Dades bibliogràfiques
Autor principal: Marivaux
Format: Llibre
Idioma:Undetermined
Publicat: Francia Gallimard 1981
Matèries:
Etiquetes: Afegir etiqueta
Sense etiquetes, Sigues el primer a etiquetar aquest registre!

MARC

LEADER 00000nam a2200000Ia 4500
008 170316s9999 xx 000 0 und d
040 |a cru BVZT 
090 |a 840 M-8p 
100 |a Marivaux 
245 |a Le Paysan parvenu 
260 |a Francia  |b Gallimard  |c 1981 
300 |a 574 páginas 
650 |a LITERATURA FRANCESA 
650 |a NOVELA 
999 |c 7863  |d 7863 
942 |c 15 D  |h 840 M-8p  |2 z